[Event "Tetraktys Concept Mgmt"]
[Site "Europe Echecs INT"]
[Date "2021.06.06"]
[Round "11"]
[White "Zienkiewicz, Jan"]
[Black "Merabete, Ricardo"]
[Result "1-0"]
[WhiteElo "1866"]
[BlackElo "1511"]
[PlyCount "93"]
[EventDate "2021.06.06"]
[EventType "swiss (blitz)"]
[EventRounds "11"]
[EventCountry "FRA"]
[SourceTitle "CBM 202 Extra"]
[Source "ChessBase"]
[SourceDate "2021.07.31"]
[SourceVersion "1"]
[SourceVersionDate "2021.07.31"]
[SourceQuality "1"]

1. e4 c6 2. d4 d5 3. exd5 cxd5 4. Bd3 Nf6 5. c3 Nc6 6. Bf4 Bg4 7. Qb3 Qc8 8. Nd2 e6 9. Ngf3 Be7 10. 0-0 0-0 11. Rae1 Qd7 12. Ne5 Nxe5 13. Bxe5 a6 14. Qc2 g6 15. h3 Bf5 16. Bxf5 exf5 17. Bxf6 Bxf6 18. Nf3 Rfe8 19. Ne5 Bxe5 20. dxe5 Rac8 21. Qd3 Qe6 22. b3 Rcd8 23. Qd4 Qc6 24. f4 Rc8 25. Re3 Qc5 26. Rd1 Kf8 27. Kh2 Qxd4 28. Rxd4 Rcd8 29. Red3 Ke7 30. Rxd5 Rxd5 31. Rxd5 Rd8 32. c4 Rd7 33. a4 Kd8 34. a5 Kc7 35. Kg1 Kc6 36. Rxd7 Kxd7 37. Kf2 Kc6 38. b4 b6 39. axb6 Kxb6 40. Ke3 Kc6 41. Kd4 Kd7 42. Kd5 Kc7 43. c5 Kd7 44. c6+ Kc7 45. Kc5 h6 46. h4 h5 47. g3 1-0

[Event "C'Chartres Blitz op April"]
[Site "Europe Echecs INT"]
[Date "2021.04.10"]
[Round "8"]
[White "Merabete, Ricardo"]
[Black "Dubois, Herve"]
[Result "0-1"]
[WhiteElo "1511"]
[BlackElo "1836"]
[PlyCount "70"]
[EventDate "2021.04.10"]
[EventType "swiss (blitz)"]
[EventRounds "11"]
[EventCountry "FRA"]
[SourceTitle "CBM 201 Extra"]
[Source "ChessBase"]
[SourceDate "2021.05.31"]
[SourceVersion "1"]
[SourceVersionDate "2021.05.31"]
[SourceQuality "1"]

1. e4 c5 2. Nf3 d6 3. d4 cxd4 4. Nxd4 Nf6 5. Nc3 a6 6. Be2 e5 7. Nb3 Be7 8. 0-0 0-0 9. Be3 Be6 10. h3 Nbd7 11. f4 exf4 12. Bxf4 Ne5 13. Qe1 Rc8 14. Rd1 Qb6+ 15. Kh1 Rfd8 16. Bf3 Ng6 17. Be3 Qc7 18. Qf2 Qb8 19. Bb6 Rd7 20. Rd2 Bd8 21. Ba7 Qa8 22. Na4 Ne5 23. Nb6 Bxb6 24. Bxb6 Nc4 25. Re2 Nxb2 26. Qg3 Nc4 27. Bd4 Ne5 28. Ref2 Rc4 29. Bxe5 dxe5 30. Be2 Nxe4 31. Qe3 Nxf2+ 32. Rxf2 Rc8 33. Bd3 Qb8 34. Qe4 f5 35. Qe2 g6 0-1

[Event "C'Chartres Blitz op April"]
[Site "Europe Echecs INT"]
[Date "2021.04.10"]
[Round "6"]
[White "Merabete, Ricardo"]
[Black "Kajganic, Fabien"]
[Result "0-1"]
[WhiteElo "1511"]
[BlackElo "1948"]
[PlyCount "50"]
[EventDate "2021.04.10"]
[EventType "swiss (blitz)"]
[EventRounds "11"]
[EventCountry "FRA"]
[SourceTitle "CBM 201 Extra"]
[Source "ChessBase"]
[SourceDate "2021.05.31"]
[SourceVersion "1"]
[SourceVersionDate "2021.05.31"]
[SourceQuality "1"]

1. e4 Nc6 2. Nf3 d5 3. exd5 Qxd5 4. Nc3 Qh5 5. Bb5 Bg4 6. Bxc6+ bxc6 7. Qe2 Bxf3 8. Qxf3 Qxf3 9. gxf3 Nf6 10. b3 e5 11. Ne4 Nd5 12. Bb2 f6 13. Rg1 Nb4 14. Kd1 0-0-0 15. a3 Nd5 16. c3 Nf4 17. Kc2 Rd3 18. Rge1 Rxf3 19. d4 Bd6 20. Rad1 Rh3 21. c4 Rxh2 22. dxe5 Bxe5 23. Bxe5 fxe5 24. Rf1 Ne6 25. Rd4 Nxd4+ 0-1